[Event "Barcelona La Lira op 30th"]
[Site "Barcelona"]
[Date "2012.02.17"]
[Round "5"]
[White "Zamora Leon, Eduard"]
[Black "Bermejo Cuadra, Robert"]
[Result "0-1"]
[WhiteElo "1487"]
[BlackElo "1320"]
[PlyCount "88"]
[EventDate "2012.01.20"]
[EventType "swiss"]
[EventRounds "8"]
[EventCountry "ESP"]
[SourceTitle "EXT 2013"]
[Source "ChessBase"]
[SourceDate "2012.11.22"]
[SourceVersion "1"]
[SourceVersionDate "2012.11.22"]
[SourceQuality "1"]

1. e4 e5 2. Nf3 Nc6 3. d4 exd4 4. Nxd4 Nxd4 5. Qxd4 c5 6. Qd1 d6 7. Bc4 Qe7 8. Nc3 Nf6 9. Qf3 Bd7 10. h3 Bc6 11. Bg5 h6 12. Bxf6 Qxf6 13. Qxf6 gxf6 14. Bb5 0-0-0 15. Bxc6 bxc6 16. 0-0-0 Bg7 17. Ne2 Rhe8 18. Ng3 d5 19. f3 d4 20. Nf5 Bf8 21. Rd2 Bd6 22. Nxd6+ Rxd6 23. c4 Re5 24. Rd3 f5 25. Re1 fxe4 26. fxe4 Rf6 27. Rf3 Rxf3 28. gxf3 f5 29. Kd2 fxe4 30. Rxe4 Rxe4 31. fxe4 Kd7 32. Kd3 Kd6 33. a3 a5 34. b3 Ke5 35. a4 Kf4 36. h4 h5 37. b4 cxb4 38. Kxd4 b3 39. Kc3 c5 40. e5 Kxe5 41. Kxb3 Kd4 42. Ka3 Kxc4 43. Kb2 Kb4 44. Kc2 Kxa4 0-1